1044 1541 1439 1930 1271 1949 1506 1869 1370 1921 1416 1446 1526 1484 1295 1974 1330 1517 1828 1820 1360 1124 1850 1820 1176 1943 1946 1183 1182 1598 1235 1817 1086 1334 1780 1011 1923 1005 1129 1993 1565 1898 1324 1983 1748 1984 1151 1548 1133 1151 1036 1052 1299 1733 1883 1733 1661 1958 1712 1491 1521 1441 1276 1911 1871 1323 1224 1866 1433 1952 1323 1763 1315 1970 1662 1486 1937 1857 1916 1622 1830 1693 1320 1578 1157 1069 1213 1465 1553 1556 1895 1398 1968 1043 1022 1670 1609 1907 1922 BCNSPRNW ULIB Ver.6.0+V

เปลี่ยนเป็นภาษาไทย

Change to English
 แสดงรายละเอียดบรรณานุกรม
  กลับหน้าหลัก

Brief Record : Get Marc (ISO 2709) : E-mail record : QR code < ปิดหน้าต่าง
LEADER : 00000nam 2200000uu 4500
001    13399123431
003     ULIB
008    110607s2557||||th 000 0 tha d
020    9786165273916
060 04 QT104^bอ313ร
100 0  อรกัญญ์ ภูมิโคกรักษ์
245 10 ระบบร่างกายมนุษย์ =^bHuman body /^cโดย อรกัญญ์ ภูมิโครักษ์; [เรียบเรียงเนื้อหา ทักษิณา กล่อมเกลี้ยง, ปรียนันท์ วงศ์ใหญ่
246 31 Human body
260    กรุงเทพฯ :^bเอ็มไอเอส,^c2557
300    105 หน้า :^bภาพประกอบสี ;^c30 ซม.
650  7 กายวิภาคศาสตร์
650  7 สรีรวิทยา
700 0  ทักษิณา กล่อมเกลี้ยง
700 0  ปรียนันท์ วงศ์ใหญ่
945    ^p199^l0^i20590
945    ^p199^l0^i20591
945    ^p199^l0^i20592
945    ^p199^l0^i20593
945    ^p199^l0^i20594
945    ^p199^l0^i21276
945    ^p199^l0^i21277
945    ^p199^l0^i21278
995    ทศพร
999 ^a ใช้งานได้ทุกระบบ
รายการนี้ยังไม่มีแท็ก
คุณยังไม่ได้ล็อกอิน คุณสามารถมีกิจกรรมร่วมกับเว็บไซต์ได้ แต่ต้องล็อกอินก่อน ::
  ล็อกอิน

รายการสื่อสารสนเทศ

ลำดับที่ ประเภท เลขเรียก/บาร์โค้ด สถานที่ สถานะ
1. วิทยาศาสตร์การแพทย์ และสุขภาพ
วิทยาศาสตร์การแพทย์ และสุขภาพ
สถานะ=หนังสือเก่า
QT104 อ313ร ฉ.1 
  Barcode: 20590
ห้องสมุดวิทยาเขตนครสวรรค์
►ส่วนจัดเก็บหนังสือเก่า นว.
บนชั้น
  ขอยืม
2. วิทยาศาสตร์การแพทย์ และสุขภาพ
วิทยาศาสตร์การแพทย์ และสุขภาพ
สถานะ=หนังสือเก่า
QT104 อ313ร ฉ.2 
  Barcode: 20591
ห้องสมุดวิทยาเขตนครสวรรค์
►ส่วนจัดเก็บหนังสือเก่า นว.
บนชั้น
  ขอยืม
3. วิทยาศาสตร์การแพทย์ และสุขภาพ
วิทยาศาสตร์การแพทย์ และสุขภาพ
สถานะ=หนังสือเก่า
QT104 อ313ร ฉ.3 
  Barcode: 20592
ห้องสมุดวิทยาเขตนครสวรรค์
►ส่วนจัดเก็บหนังสือเก่า นว.
บนชั้น
  ขอยืม
4. วิทยาศาสตร์การแพทย์ และสุขภาพ
วิทยาศาสตร์การแพทย์ และสุขภาพ
สถานะ=หนังสือเก่า
QT104 อ313ร ฉ.4 
  Barcode: 20593
ห้องสมุดวิทยาเขตนครสวรรค์
►ส่วนจัดเก็บหนังสือเก่า นว.
บนชั้น
  ขอยืม
5. วิทยาศาสตร์การแพทย์ และสุขภาพ
วิทยาศาสตร์การแพทย์ และสุขภาพ
สถานะ=หนังสือเก่า
QT104 อ313ร ฉ.5 
  Barcode: 20594
ห้องสมุดวิทยาเขตนครสวรรค์
►ส่วนจัดเก็บหนังสือเก่า นว.
บนชั้น
  ขอยืม
6. วิทยาศาสตร์การแพทย์ และสุขภาพ
วิทยาศาสตร์การแพทย์ และสุขภาพ
สถานะ=หนังสือเก่า
QT104 อ313ร ฉ.6 
  Barcode: 21276
ห้องสมุดวิทยาเขตนครสวรรค์
►ส่วนจัดเก็บหนังสือเก่า นว.
บนชั้น
  ขอยืม
7. วิทยาศาสตร์การแพทย์ และสุขภาพ
วิทยาศาสตร์การแพทย์ และสุขภาพ
สถานะ=หนังสือเก่า
QT104 อ313ร ฉ.7 
  Barcode: 21277
ห้องสมุดวิทยาเขตนครสวรรค์
►ส่วนจัดเก็บหนังสือเก่า นว.
บนชั้น
  ขอยืม
8. วิทยาศาสตร์การแพทย์ และสุขภาพ
วิทยาศาสตร์การแพทย์ และสุขภาพ
สถานะ=หนังสือเก่า
QT104 อ313ร ฉ.8 
  Barcode: 21278
ห้องสมุดวิทยาเขตนครสวรรค์
►ส่วนจัดเก็บหนังสือเก่า นว.
บนชั้น
  ขอยืม

รายการใกล้เคียง
    ผู้แต่ง [อรกัญญ์ ภูมิโคกรักษ์]

    หัวเรื่อง [กายวิภาคศาสตร์]
    หัวเรื่อง [สรีรวิทยา]

BibComment


ยังไม่เคยถูกคอมเมนท์

คอมเมนท์ทรัพยากรรายการนี้
  คอมเมนท์: ระบบร่างกายมนุษย์..


 Copyright 2026. Bcnsprnw @Library